Why did the elephant sta4rt to trot? India's growth acceleration re-examined (Record no. 76469)

000 -LEADER
fixed length control field 01329pab a2200181 454500
008 - FIXED-LENGTH DATA ELEMENTS--GENERAL INFORMATION
fixed length control field 180718b2007 xxu||||| |||| 00| 0 eng d
100 ## - MAIN ENTRY--PERSONAL NAME
Personal name Sen, Kunal
245 ## - TITLE STATEMENT
Title Why did the elephant sta4rt to trot? India's growth acceleration re-examined
260 ## - PUBLICATION, DISTRIBUTION, ETC.
Date of publication, distribution, etc. 2007
300 ## - PHYSICAL DESCRIPTION
Extent p.37-47.
362 ## - DATES OF PUBLICATION AND/OR SEQUENTIAL DESIGNATION
Dates of publication and/or sequential designation 27 Oct
520 ## - SUMMARY, ETC.
Summary, etc. It is commonly believed that India's growth acceleration has been mainly due to a change in the state's attitudes towards business in the early 1980s and not so much because of changes in economic policies. This paper re-examines this argument and shows, first, that the turnaround in growth took place earlier in the late 1970s. It also shows that growth has been mostly driven by the rate of private equipment investment (which increased in the mid-1970s), and that this in turn has been driven by financial deepening, public fixed investment and the relative price of equipment investment. The paper concludes that the effect of the attitudinal shift of the state towards the private sector on growth was of the second order, and if it did have an effect, it was through changes in economic policies, rather than independently of the latter. - Reproduced.
650 ## - SUBJECT ADDED ENTRY--TOPICAL TERM
Topical term or geographic name entry element Economic growth - India
650 ## - SUBJECT ADDED ENTRY--TOPICAL TERM
Topical term or geographic name entry element Economic growth
773 ## - HOST ITEM ENTRY
Main entry heading Economic and Political Weekly
908 ## - PUT COMMAND PARAMETER (RLIN)
Put command parameter N
909 ## -
-- 76469
Holdings
Withdrawn status Lost status Damaged status Not for loan Permanent Location Current Location Date acquired Serial Enumeration / chronology Barcode Date last seen Price effective from Koha item type
        Indian Institute of Public Administration Indian Institute of Public Administration 2018-07-19 Volume no: 43, Issue no: 43 AR76929 2018-07-19 2018-07-19 Articles

Powered by Koha